| 000 -LEADER | |
|---|---|
| fixed length control field | 00468nam a22001817a 4500 |
| 005 - DATE AND TIME OF LATEST TRANSACTION | |
| control field | 20230819144041.0 |
| 008 - FIXED-LENGTH DATA ELEMENTS--GENERAL INFORMATION | |
| fixed length control field | 230816b |||||||| |||| 00| 0 eng d |
| 020 ## - INTERNATIONAL STANDARD BOOK NUMBER | |
| ISBN | 978-1498-751674 |
| 041 ## - LANGUAGE CODE | |
| Language code of text/sound track or separate title | eng |
| 082 ## - DEWEY DECIMAL CLASSIFICATION NUMBER | |
| Classification number | 617.5 BLO-A |
| 100 ## - MAIN ENTRY--AUTHOR NAME | |
| Personal name | BLOM, ASHLEY AND OTHERS |
| 245 ## - TITLE STATEMENT | |
| Title | APLEY AND SOLOMON'S SYSTEM OF ORTHOPAEDICS AND TRAUMA |
| 250 ## - EDITION STATEMENT | |
| Edition statement | 10TH ED |
| 260 ## - PUBLICATION, DISTRIBUTION, ETC. (IMPRINT) | |
| Place of publication | CRS PRESS |
| Name of publisher | NEW YORK |
| Year of publication | 2018 |
| 300 ## - PHYSICAL DESCRIPTION | |
| Number of Pages | 1012;p |
| 650 ## - SUBJECT ADDED ENTRY--TOPICAL TERM | |
| Topical Term | BPT |
| 942 ## - ADDED ENTRY ELEMENTS (KOHA) | |
| Koha item type | Books |
| Lost status | Damaged status | Collection code | Home library | Current library | Shelving location | Date acquired | Source of acquisition | Cost, normal purchase price | Full call number | Accession Number | Koha item type |
|---|---|---|---|---|---|---|---|---|---|---|---|
| Reference | JRU Library | JRU Library | SHELF-8-A | 05/08/2023 | PURCHASE | 9675.00 | 617.5 | 27789 | Books |